Presidents by date of death - Statistics

General Stats
  • This quiz has been taken 98 times
    46 since last reset
  • The average score is 30 of 40
Answer Stats
Date of death President % Correct
Dec 14, 1799 George Washington
97%
Apr 15, 1865 Abraham Lincoln
86%
Jun 28, 1836 James Madison
86%
Jul 4, 1831 James Monroe
86%
Dec 29, 2024 Jimmy Carter
86%
Jul 4, 1826 (5pm) John Adams
86%
Jul 4, 1826 (12pm) Thomas Jefferson
86%
Nov 30, 2018 George H. W. Bush
83%
Jun 5, 2004 Ronald Reagan
83%
Nov 22, 1963 John F. Kennedy
79%
Apr 22, 1994 Richard M. Nixon
79%
Apr 4, 1841 William Henry Harrison
79%
Jun 8, 1845 Andrew Jackson
76%
Apr 12, 1945 Franklin D. Roosevelt
76%
Dec 26, 2006 Gerald Ford
76%
Jun 15, 1849 James K. Polk
76%
Feb 23, 1848 John Quincy Adams
76%
Jan 15, 1933 Calvin Coolidge
72%
Mar 28, 1969 Dwight D. Eisenhower
72%
Dec 26, 1972 Harry S. Truman
72%
Sep 19, 1881 James A. Garfield
72%
Jan 22, 1973 Lyndon B. Johnson
72%
Mar 8, 1930 William Howard Taft
72%
Feb 3, 1924 Woodrow Wilson
72%
Jul 9, 1850 Zachary Taylor
72%
Oct 8, 1869 Franklin Pierce
69%
Oct 20, 1964 Herbert Hoover
69%
Jun 1, 1868 James Buchanan
69%
Jan 18, 1862 John Tyler
69%
Jul 24, 1862 Martin Van Buren
69%
Jan 6, 1919 Theodore Roosevelt
69%
Sep 14, 1901 William McKinley
69%
Jul 31, 1875 Andrew Johnson
66%
Mar 13, 1901 Benjamin Harrison
66%
Jun 24, 1908 Grover Cleveland
66%
Mar 8, 1874 Millard Fillmore
66%
Jul 23, 1885 Ulysses S. Grant
66%
Aug 2, 1923 Warren G. Harding
66%
Nov 18, 1886 Chester A. Arthur
62%
Jan 17, 1893 Rutherford B. Hayes
62%
No matching quizzes found
Score Distribution
Percent of People with Each Score
Percentile by Number Answered
Your Score History
You have not taken this quiz since the last reset